000 00538nam a22001457a 4500
003 OSt
005 20260414072655.0
008 260414b |||||||| |||| 00| 0 eng d
040 _aDWC-Main lib
_cOC
082 _aGR. 348.044 Su959
110 _aEDITORIAL STAFF OF THE CENTRAL LAWBOOK PUBLISHING CO., INC
245 _aSupreme Court reports :
_b annotated /
_cEDITORIAL STAFF OF THE CENTRAL LAWBOOK PUBLISHING CO., INC
260 _aManila, Philippines :
_bCentral Lawbook Publishing Company, Inc.
942 _2ddc
_cGR
_kGR. 348.044 Su959
_n0
999 _c9402
_d9402